000
00219 a2200097 4500
001
52714
100
_a
Bennett C E
245
_a
Physics Problems
260
_a
New York
_b
Barnes & Noble Books
_c
090
_c
33158
_d
33158
942
_a
NUST-CAE
_c
M
_c
25734
999
_c
287787
_d
287787